| 000 | 00424cam a2200169Ii 4500 | ||
|---|---|---|---|
| 020 | _a0834802287 | ||
| 040 | _cZQP | ||
| 082 | _a391 WEA 1989 A019 Or. | ||
| 100 | 1 | _aRichie, Donald, | |
| 245 | 1 | 4 | _aThe Japanese tattoo / |
| 250 | _a1st paperback ed. | ||
| 260 |
_aNew York : _bWeatherhill, _c1989. |
||
| 300 |
_a115, [1] p. : _bill. (some col.) ; _c26 cm. |
||
| 650 | 0 | _aTattooing | |
| 700 | 1 | _aBuruma, Ian. | |
| 942 | _cEK | ||
| 999 |
_c12270 _d12270 |
||